000 00654nam a2200205 a 4500
008 951215s1987||||[C 0 ger c
020 _c22 Kčs.
_q(12000 výtl.)
040 _aSNK
_bslo
_cSNK
_eAACR2
041 1 _aslo
_hger
044 _axo
_cSK
080 _a803.0-316.4(038)
100 1 _aBojszová, Irena
_4aut
245 1 0 _aNemecké skratky
_cIrena Bojszová ; Štefan Pavelka
250 _a1., vyd.
260 _aBratislava
_bSPN
_c1987
_eBratislava
_fSvornosť
300 _a347 s., 15,53 AH
_c17 cm
500 _aLit. 15. Zozn. skratiek. Súbež. tit. list nem. 15 zázn. v slov., češ. a nem.
700 1 _aPavelka, Štefan
_4bkd
958 _aA
999 _c19181
_d19181